Troy / (Record no. 977955)

MARC details
000 -LEADER
fixed length control field 01022nam a2200313 a 4500
001 - CONTROL NUMBER
control field vtls001528559
003 - CONTROL NUMBER IDENTIFIER
control field NLI
005 - DATE AND TIME OF LATEST TRANSACTION
control field 20210627144830.0
008 - FIXED-LENGTH DATA ELEMENTS--GENERAL INFORMATION
fixed length control field 121212m19501953enk 000 0 eng
039 #9 - LEVEL OF BIBLIOGRAPHIC CONTROL AND CODING DETAIL [OBSOLETE]
-- 201212121617
-- VLOAD
040 0# - CATALOGING SOURCE
Original cataloging agency NLI
Language of cataloging eng
Transcribing agency XData_1
Description conventions AACR2
041 0# - LANGUAGE CODE
Language code of text/sound track or separate title eng
044 ## - COUNTRY OF PUBLISHING/PRODUCING ENTITY CODE
MARC country code enk
082 ## - DEWEY DECIMAL CLASSIFICATION NUMBER
Classification number 107
245 00 - TITLE STATEMENT
Title Troy /
Statement of responsibility, etc. by Carl W. Blegen...[et.al]
260 ## - PUBLICATION, DISTRIBUTION, ETC.
Place of publication, distribution, etc. London :
Name of publisher, distributor, etc. Princeton University Press,
Date of publication, distribution, etc. 1950-1953
300 ## - PHYSICAL DESCRIPTION
Extent -v. ;
Dimensions 30 cm.
500 ## - GENERAL NOTE
General note Library has vol.1-3
505 0# - FORMATTED CONTENTS NOTE
Formatted contents note Vol.1 General introduction the first and second settlements.-v.2 The third, fourth and fifth settlements.-v.3 The sixth settlement
650 #0 - SUBJECT ADDED ENTRY--TOPICAL TERM
Topical term or geographic name entry element History, Ancient
9 (RLIN) 684830
700 1# - ADDED ENTRY--PERSONAL NAME
Personal name Blegen, Carl W.,
Relationship jt. aut
740 02 - ADDED ENTRY--UNCONTROLLED RELATED/ANALYTICAL TITLE
Uncontrolled related/analytical title General introduction the first and second settlements.
740 42 - ADDED ENTRY--UNCONTROLLED RELATED/ANALYTICAL TITLE
Uncontrolled related/analytical title The third, fourth and fifth settlements
740 42 - ADDED ENTRY--UNCONTROLLED RELATED/ANALYTICAL TITLE
Uncontrolled related/analytical title The sixth settlement
887 ## - NON-MARC INFORMATION FIELD
Content of non-MARC field
901 ## - LOCAL DATA ELEMENT A, LDA (RLIN)
a IMP298436
b 29.03.1954
9 v.2,pt.1
902 ## - LOCAL DATA ELEMENT B, LDB (RLIN)
a 107 A 27
942 ## - ADDED ENTRY ELEMENTS (KOHA)
Source of classification or shelving scheme Dewey Decimal Classification
Koha item type Books
Holdings
Withdrawn status Lost status Damaged status Not for loan Home library Current library Date acquired Total Checkouts Full call number Date last seen Price effective from Koha item type
        National Library of India National Library of India     107 A 27 27/06/2021 27/06/2021 Books
                                                                           
web counter

Copyright ©2020 The National Library of India, Govt. of India ↔ Hosted by NVLI, MOC ↔ Technology and Design by National Library of India, Ministry of Culture, Govt. of India